Statistiche per Ricostruisci la Carriera del Calciatore - Danilo

Clicka qui per fare il quiz!

Statistiche generali

  • Questo quiz è stato fatto 4 volte
  • Il punteggio medio è 4 su 6

Statistiche sulle risposte

HintRisposta% Corretto
2012-2015 Porto
100%
2009-2010 América-MG
67%
2015-2017 Real Madrid
67%
2010-2012 Santos
67%
2019- Juventus
33%
2017-2019 Manchester City
33%

Distribuzione punteggi

Percentile per numero di risposta

Percentuale di utenti per punteggio

I tuoi punteggi nel tempo

Non hai fatto questo quiz